000 00609nam a2200253 a 4500
003 AR-BaBNM
005 20251128203340.0
008 082120s2002 ||||||||||||||000 | spa||
020 _a950-620-015-7
040 _cAR-BaBNM
100 1 _aRamírez Gronda, Juan D.
245 0 0 _aDiccionario jurídico básico
250 _a10ª ed.
260 _aBuenos Aires
_bClaridad
_c1988
300 _a[407] p.
490 0 _aDiccionarios
650 4 _aDICCIONARIOS
650 4 _aDERECHO
650 4 _aLEGISLACION
650 4 _aFILOSOFIA DEL DERECHO
655 _aREFERENCIA
942 _cBK
998 _claura
999 _c3003
_d3003